Cooperative organization and balsa mining in Bolivia /
Đã lưu trong:
| Tác giả chính: | |
|---|---|
| Tác giả khác: | , |
| Định dạng: | Texto |
| Các nhãn: |
Thêm thẻ
Không có thẻ, Là người đầu tiên thẻ bản ghi này!
|
MARC
| LEADER | 00000 a a2200000 04500 | ||
|---|---|---|---|
| 001 | 48287 | ||
| 003 | |||
| 040 | |||
| 100 | |a Salman, Ton | ||
| 245 | |a Cooperative organization and balsa mining in Bolivia / |c Ton Salman, Felix Carillo, Carola Soruco | ||
| 700 | |a Carillo, Felix | ||
| 700 | |a Soruco, Carola | ||
| 773 | |g número26, (2013), 17-30 páginas | ||
| 999 | |c 34485 |d 34485 | ||
